[Event "CZE-chT2E 1617"]
[Site "Czech Republic"]
[Date "2016.12.11"]
[Round "5.8"]
[White "Moulis, Rudolf"]
[Black "Gabrys, Lukas"]
[Result "0-1"]
[WhiteElo "1860"]
[BlackElo "1937"]
[PlyCount "104"]
[EventDate "2016.09.10"]
[EventType "team-tourn"]
[EventRounds "11"]
[EventCountry "CZE"]
[SourceTitle "EXT 2022"]
[Source "ChessBase"]
[SourceDate "2021.10.06"]
[SourceVersion "1"]
[SourceVersionDate "2021.10.06"]
[SourceQuality "1"]
[WhiteTeam "Brno Duras II"]
[BlackTeam "Vsetin"]
[WhiteTeamCountry "CZE"]
[BlackTeamCountry "CZE"]

1. e4 e6 2. d4 d5 3. e5 c5 4. dxc5 Bxc5 5. Qg4 Ne7 6. Bd3 Qb6 7. Qg3 Nbc6 8. Nf3 Bd7 9. Nbd2 Ng6 10. Nb3 Be7 11. 0-0 0-0-0 12. c3 f6 13. exf6 gxf6 14. Be3 Qc7 15. Qxc7+ Kxc7 16. Bc5 Nf4 17. Bb5 Bxc5 18. Nxc5 Rhg8 19. g3 Bc8 20. Rfe1 e5 21. Bf1 Bg4 22. Nh4 Ng6 23. Nxg6 hxg6 24. f3 Bc8 25. Rad1 g5 26. Rd2 f5 27. Red1 Ne7 28. Nd3 e4 29. fxe4 dxe4 30. Ne1 Rxd2 31. Rxd2 f4 32. Rd4 e3 33. Be2 Nc6 34. Rc4 Be6 35. Ra4 Rf8 36. Bf3 Ne5 37. gxf4 gxf4 38. Kf1 Bc4+ 39. Be2 Bd5 40. Rd4 Bc6 41. Nd3 Nxd3 42. Rxd3 Re8 43. c4 f3 44. b4 fxe2+ 45. Kxe2 Bf3+ 46. Ke1 Re4 47. a3 Bg4 48. c5 e2 49. h3 Bh5 50. Rg3 Rd4 51. Re3 Rd1+ 52. Kf2 Rf1+ 0-1

[Event "CZE-chT2D 0809"]
[Site "Czech Republic"]
[Date "2008.12.21"]
[Round "5.8"]
[White "Hodac, Pavel"]
[Black "Moulis, Rudolf"]
[Result "1-0"]
[WhiteElo "2104"]
[BlackElo "1900"]
[PlyCount "83"]
[EventDate "2008.10.12"]
[EventType "team-tourn"]
[EventRounds "11"]
[EventCountry "CZE"]
[SourceTitle "EXT 2010"]
[Source "ChessBase"]
[SourceDate "2010.11.25"]
[SourceVersion "1"]
[SourceVersionDate "2010.11.25"]
[SourceQuality "1"]

1. e4 e5 2. Nc3 Nf6 3. Bc4 d6 4. d3 Be6 5. Nge2 Be7 6. 0-0 0-0 7. f4 Bxc4 8. dxc4 Nbd7 9. Qe1 exf4 10. Bxf4 Nh5 11. Rd1 Nxf4 12. Nxf4 Bf6 13. Ncd5 Be5 14. Nd3 c6 15. Ne3 Qc7 16. Rf3 Bd4 17. Kh1 Ne5 18. Nxe5 Bxe5 19. Qh4 Rae8 20. Nf5 Re6 21. Rdf1 Qd8 22. Qg4 Rg6 23. Qh5 Rg5 24. Qh4 f6 25. Rh3 h5 26. g4 hxg4 27. Qh7+ Kf7 28. Rh5 Rxh5 29. Qxh5+ Kg8 30. Qxg4 Qc7 31. Rf3 g5 32. Rh3 Qa5 33. Rh8+ Kf7 34. Nxd6+ Bxd6 35. Qd7+ Be7 36. Rh7+ Kg8 37. Rxe7 Qe1+ 38. Kg2 Qe2+ 39. Kg3 Qe3+ 40. Kg4 Qf4+ 41. Kh5 Qxh2+ 42. Kg6 1-0

[Event "Molde Rose Cup-A"]
[Site "Molde"]
[Date "2003.06.22"]
[Round "5"]
[White "Kallset, Tore"]
[Black "Moulis, Rudolf"]
[Result "0-1"]
[WhiteElo "1680"]
[BlackElo "1855"]
[PlyCount "88"]
[EventDate "2003.06.??"]
[EventType "swiss"]
[EventRounds "5"]
[EventCountry "NOR"]
[SourceTitle "EXT 2006"]
[Source "ChessBase"]
[SourceDate "2005.11.24"]
[SourceVersion "1"]
[SourceVersionDate "2005.11.24"]
[SourceQuality "1"]

1. d4 c5 2. e3 d5 3. c4 e6 4. Nf3 Nf6 5. Nc3 Nc6 6. Be2 Be7 7. 0-0 0-0 8. b3 cxd4 9. exd4 Bb4 10. Bb2 Qa5 11. Qc2 Bd7 12. a3 Bxc3 13. Bxc3 Qc7 14. Bd3 Ne7 15. Ne5 Rfc8 16. c5 Be8 17. f4 g6 18. Rf3 Nh5 19. g4 Ng7 20. g5 Ngf5 21. Qf2 Bc6 22. Rh3 Kg7 23. b4 a6 24. Rf3 Rh8 25. Ng4 h5 26. Ne5 f6 27. gxf6+ Kxf6 28. Qg2 Raf8 29. Qg5+ Kg7 30. Kf2 Rh6 31. Rg1 Be8 32. Rh3 Kh7 33. Ke2 Nc6 34. Bxf5 Rxf5 35. Qg3 Nxe5 36. fxe5 Qf7 37. Bd2 g5 38. Bxg5 Rg6 39. Rxh5+ Kg8 40. Qe3 Bb5+ 41. Ke1 Rf3 42. Kd2 Rxe3 43. Bf6 Re2+ 44. Kc3 Qxf6 0-1

[Event "Molde Rose Cup-A"]
[Site "Molde"]
[Date "2003.06.22"]
[Round "4"]
[White "Kvisvik, Brede Alexander"]
[Black "Moulis, Rudolf"]
[Result "1-0"]
[WhiteElo "1945"]
[BlackElo "1855"]
[PlyCount "87"]
[EventDate "2003.06.??"]
[EventType "swiss"]
[EventRounds "5"]
[EventCountry "NOR"]
[SourceTitle "EXT 2006"]
[Source "ChessBase"]
[SourceDate "2005.11.24"]
[SourceVersion "1"]
[SourceVersionDate "2005.11.24"]
[SourceQuality "1"]

1. e4 e5 2. Nc3 Nc6 3. Nf3 Nf6 4. Bb5 Nd4 5. Ba4 Nxf3+ 6. Qxf3 Be7 7. d3 c6 8. Bb3 d6 9. h3 Be6 10. Bg5 Qd7 11. 0-0-0 Bxb3 12. axb3 h6 13. Be3 b5 14. d4 Qb7 15. dxe5 dxe5 16. Qg3 b4 17. Na4 Nxe4 18. Qxe5 Nf6 19. Bc5 Kf8 20. Rhe1 Nd5 21. Rxd5 cxd5 22. Bxe7+ Kg8 23. Nc5 Qc6 24. Re3 Kh7 25. Rg3 Rhg8 26. Qf5+ g6 27. Qxf7+ Rg7 28. Qf6 Qxf6 29. Bxf6 Rf7 30. Bd4 a5 31. Re3 Raf8 32. f3 Rc8 33. Re5 Kg8 34. Rxd5 Rf5 35. Rxf5 gxf5 36. Kd2 Kf7 37. c3 Rg8 38. g4 fxg4 39. hxg4 bxc3+ 40. bxc3 h5 41. gxh5 Rg2+ 42. Kd3 Rh2 43. f4 Rxh5 44. Be5 1-0

[Event "Molde CC-ch"]
[Site "Molde"]
[Date "2002.10.03"]
[Round "3"]
[White "Morkedal, Oyvind"]
[Black "Moulis, Rudolf"]
[Result "0-1"]
[WhiteElo "1223"]
[BlackElo "1774"]
[PlyCount "74"]
[EventDate "2002.09.??"]
[EventType "swiss"]
[EventRounds "11"]
[EventCountry "NOR"]
[SourceTitle "EXT 2005"]
[Source "ChessBase"]
[SourceDate "2004.11.15"]
[SourceVersion "1"]
[SourceVersionDate "2004.11.15"]
[SourceQuality "1"]

1. d4 d5 2. e3 c5 3. c3 c4 4. Nd2 Nf6 5. Qc2 e6 6. e4 Be7 7. Be2 0-0 8. e5 Nfd7 9. f4 Nc6 10. Ngf3 b5 11. 0-0 b4 12. Ng5 Bxg5 13. fxg5 a5 14. Rf3 Qb6 15. Rh3 g6 16. Nf3 Ndxe5 17. Kf1 b3 18. axb3 cxb3 19. Qd2 Nc4 20. Bxc4 dxc4 21. Ne5 Nxe5 22. dxe5 Bb7 23. Qf4 Qc6 24. Qh4 Qxg2+ 25. Ke1 Qe4+ 26. Be3 Qxh4+ 27. Rxh4 Bd5 28. Ke2 Rfc8 29. Rf4 Ra6 30. Raf1 Rc7 31. Ra1 a4 32. Bc1 Ra5 33. Be3 a3 34. Bc1 axb2 35. Bxb2 Rxa1 36. Bxa1 Ra7 37. Rf1 Ra2+ 0-1

[Event "Molde CC-ch"]
[Site "Molde"]
[Date "2002.09.12"]
[Round "1"]
[White "Farstad, Gudmund"]
[Black "Moulis, Rudolf"]
[Result "0-1"]
[WhiteElo "1798"]
[BlackElo "1774"]
[PlyCount "62"]
[EventDate "2002.09.??"]
[EventType "swiss"]
[EventRounds "11"]
[EventCountry "NOR"]
[SourceTitle "EXT 2005"]
[Source "ChessBase"]
[SourceDate "2004.11.15"]
[SourceVersion "1"]
[SourceVersionDate "2004.11.15"]
[SourceQuality "1"]

1. e4 e5 2. Nf3 d6 3. Bc4 Be6 4. Qe2 Nc6 5. c3 Nf6 6. 0-0 Be7 7. Bxe6 fxe6 8. Qc4 Qd7 9. Re1 Na5 10. Qe2 0-0 11. d4 Nc6 12. Rd1 exd4 13. cxd4 d5 14. e5 Ne4 15. Nc3 Nxc3 16. bxc3 Na5 17. Rb1 c6 18. Rd3 Rf5 19. g4 Rf7 20. Qf1 Raf8 21. Qh3 Nc4 22. Qg3 b5 23. h4 Qd8 24. Bg5 Rxf3 25. Rxf3 Rxf3 26. Qxf3 Bxg5 27. hxg5 Nd2 28. Qe3 Nxb1 29. f4 Qa5 30. f5 Qxc3 31. Qf2 Qd2 0-1

[Event "Molde Rose Cup"]
[Site "Molde"]
[Date "2002.06.23"]
[Round "4"]
[White "Bryn, Thomas"]
[Black "Moulis, Rudolf"]
[Result "0-1"]
[WhiteElo "1683"]
[BlackElo "1715"]
[PlyCount "120"]
[EventDate "2002.06.??"]
[EventType "tourn"]
[EventRounds "5"]
[EventCountry "NOR"]
[SourceTitle "EXT 2005"]
[Source "ChessBase"]
[SourceDate "2004.11.15"]
[SourceVersion "1"]
[SourceVersionDate "2004.11.15"]
[SourceQuality "1"]

1. e4 e5 2. f4 exf4 3. Nf3 Nf6 4. e5 Nh5 5. d4 d5 6. c4 Be7 7. h4 Bg4 8. Nbd2 Ng3 9. Rh2 Nf5 10. Qa4+ Nc6 11. cxd5 Qxd5 12. Bc4 Qa5 13. Qxa5 Nxa5 14. Bd5 Ne3 15. Be4 0-0-0 16. Nb3 Bb4+ 17. Kf2 Nac4 18. Bd3 Nd1+ 19. Ke2 Ndxb2 20. Bxc4 Nxc4 21. Bxf4 Rhe8 22. Rhh1 f6 23. Kf2 Bxf3 24. gxf3 fxe5 25. dxe5 Nxe5 26. Bg5 Nd3+ 27. Kg3 Bd6+ 28. Kh3 Nf2+ 29. Kg2 Nxh1 30. Bxd8 Ng3 31. Bg5 h6 32. Bd2 Re2+ 33. Kh3 h5 34. Re1 Rxe1 35. Bxe1 Ne2 36. Bd2 Nf4+ 37. Kg3 Nd5+ 38. f4 c5 39. Kf3 c4 40. Nd4 c3 41. Bc1 Nf6 42. Nb5 Bb4 43. Nxa7+ Kd7 44. Nb5 Kc6 45. Nd4+ Kd5 46. Nf5 g6 47. Ne3+ Kd4 48. f5 gxf5 49. Nxf5+ Kd3 50. Bg5 c2 51. Ng3 Bd2 52. Ne2 Ne4 53. Nc1+ Bxc1 54. Bxc1 Nc3 55. a3 Ne2 56. Bh6 b5 57. Bg5 c1Q 58. Bxc1 Nxc1 59. Kf4 Ne2+ 60. Kg5 Ng3 0-1

[Event "Molde Rose Cup"]
[Site "Molde"]
[Date "2002.06.23"]
[Round "5"]
[White "Moulis, Rudolf"]
[Black "Sele, Audun"]
[Result "1-0"]
[WhiteElo "1715"]
[BlackElo "1525"]
[PlyCount "101"]
[EventDate "2002.06.??"]
[EventType "tourn"]
[EventRounds "5"]
[EventCountry "NOR"]
[SourceTitle "EXT 2005"]
[Source "ChessBase"]
[SourceDate "2004.11.15"]
[SourceVersion "1"]
[SourceVersionDate "2004.11.15"]
[SourceQuality "1"]

1. e4 e6 2. d4 d5 3. e5 c5 4. Qg4 Qa5+ 5. Nd2 Qb6 6. Ngf3 Nc6 7. Bd3 cxd4 8. 0-0 Nb4 9. Nb3 Nxd3 10. cxd3 Bd7 11. Nfxd4 Ne7 12. Be3 Qc7 13. f4 g6 14. Rac1 Nc6 15. Nxc6 bxc6 16. Bc5 h5 17. Qg5 Bxc5+ 18. Nxc5 Bc8 19. Qf6 Rg8 20. Rf2 Qe7 21. Qxe7+ Kxe7 22. h4 Rb8 23. Rc3 Bd7 24. Ra3 Ra8 25. Rc2 Rgb8 26. Rb3 Rxb3 27. Nxb3 Rb8 28. Rc5 Rb5 29. Kf2 Kd8 30. d4 Kc7 31. Rxb5 cxb5 32. Nc5 Be8 33. b4 Kb6 34. a3 Kc7 35. Kf3 Bc6 36. g4 hxg4+ 37. Kxg4 Kd8 38. Kg5 Ke7 39. Nd3 Bd7 40. Nf2 Bc6 41. Ng4 Bd7 42. Kh6 Kf8 43. Nf6 Bc6 44. Kh7 Ba8 45. Kh8 Bc6 46. Nh7+ Ke8 47. Kg7 Ke7 48. Nf6 Be8 49. Ng8+ Kd8 50. Kf8 a6 51. Nf6 1-0

[Event "Molde Rose Cup"]
[Site "Molde"]
[Date "2002.06.22"]
[Round "3"]
[White "Bentsen, Hakon"]
[Black "Moulis, Rudolf"]
[Result "1/2-1/2"]
[WhiteElo "1912"]
[BlackElo "1715"]
[PlyCount "111"]
[EventDate "2002.06.??"]
[EventType "tourn"]
[EventRounds "5"]
[EventCountry "NOR"]
[SourceTitle "EXT 2005"]
[Source "ChessBase"]
[SourceDate "2004.11.15"]
[SourceVersion "1"]
[SourceVersionDate "2004.11.15"]
[SourceQuality "1"]

1. e4 e5 2. Nf3 d6 3. Nc3 Nf6 4. Bc4 Be6 5. Bxe6 fxe6 6. d4 exd4 7. Nxd4 e5 8. Nf5 Nc6 9. Bg5 Ne7 10. Bxf6 gxf6 11. Qh5+ Ng6 12. Nh4 Bg7 13. Nxg6 hxg6 14. Qxg6+ Kf8 15. Nd5 c6 16. Ne3 Qa5+ 17. c3 Qc7 18. 0-0-0 Rd8 19. Rd3 Qf7 20. Qxf7+ Kxf7 21. Nf5 Bf8 22. h4 Ke6 23. g4 d5 24. Rhd1 Bc5 25. f3 b5 26. Kc2 Rh7 27. h5 a5 28. h6 Bf8 29. exd5+ cxd5 30. Ne3 Rxh6 31. Nxd5 Rh2+ 32. Kb1 Rc8 33. Ne3 Bc5 34. Nf5 Rc7 35. Re1 b4 36. c4 a4 37. Nd4+ Bxd4 38. Rxd4 a3 39. bxa3 bxa3 40. Rd3 Rxc4 41. Rxa3 Rcc2 42. f4 Rb2+ 43. Ka1 Rbe2 44. Rxe2 Rxe2 45. fxe5 fxe5 46. Rg3 Kf6 47. g5+ Kg6 48. Kb1 e4 49. a4 Rf2 50. Re3 Kf5 51. a5 Rg2 52. a6 Rxg5 53. a7 Rg8 54. Ra3 Ra8 55. Kc2 Kf4 56. Kd2 1/2-1/2

[Event "Molde Varturnering"]
[Site "Molde"]
[Date "2002.02.07"]
[Round "1"]
[White "Sandum, Kjell Tore"]
[Black "Moulis, Rudolf"]
[Result "1-0"]
[WhiteElo "1894"]
[BlackElo "1700"]
[PlyCount "111"]
[EventDate "2002.02.??"]
[EventType "swiss"]
[EventRounds "7"]
[EventCountry "NOR"]
[SourceTitle "EXT 2006"]
[Source "ChessBase"]
[SourceDate "2005.11.24"]
[SourceVersion "1"]
[SourceVersionDate "2005.11.24"]
[SourceQuality "1"]

1. d4 d5 2. Nf3 Nf6 3. c4 e6 4. Nc3 c5 5. e3 cxd4 6. exd4 Be7 7. Bd3 0-0 8. 0-0 b6 9. cxd5 exd5 10. Ne5 Be6 11. Re1 Qc8 12. Qe2 Nc6 13. Ba6 Nxd4 14. Qd3 Bf5 15. Bxc8 Bxd3 16. Nxd3 Nc2 17. Rxe7 Nxa1 18. Bb7 Rae8 19. Nxd5 Nxd5 20. Rxe8 Rxe8 21. Bxd5 Nc2 22. Kf1 Rd8 23. Bc4 Nd4 24. Bg5 Rc8 25. Ne5 Ne6 26. Bxe6 fxe6 27. Bd2 Rc2 28. Bc3 Rc1+ 29. Ke2 Rc2+ 30. Ke3 Rc1 31. h4 Rd1 32. Nd3 Ra1 33. a3 Rg1 34. g3 Rd1 35. Ke2 Rb1 36. Nf4 Kf7 37. Nd3 g6 38. Ne5+ Ke8 39. Nd3 Kd7 40. Ke3 Kd6 41. Bb4+ Kd5 42. Kd2 a5 43. Bc3 Rf1 44. Ke2 Rb1 45. Nf4+ Kd6 46. Kd2 Rf1 47. Nd3 Kd5 48. Kc2 Ke4 49. Be1 h6 50. Bd2 h5 51. Be1 Kf5 52. Kd2 g5 53. Ke2 Rh1 54. hxg5 Kxg5 55. Ne5 h4 56. Nf3+ 1-0

[Event "Molde CC-ch"]
[Site "Molde"]
[Date "2001.09.27"]
[Round "3"]
[White "Bentsen, Hakon"]
[Black "Moulis, Rudolf"]
[Result "1-0"]
[WhiteElo "1855"]
[BlackElo "855"]
[PlyCount "125"]
[EventDate "2001.09.??"]
[EventType "tourn"]
[EventRounds "11"]
[EventCountry "NOR"]
[SourceTitle "EXT 2005"]
[Source "ChessBase"]
[SourceDate "2004.11.15"]
[SourceVersion "1"]
[SourceVersionDate "2004.11.15"]
[SourceQuality "1"]

1. e4 e5 2. Nf3 d6 3. d4 Nf6 4. Nc3 Nbd7 5. dxe5 dxe5 6. Bc4 Bd6 7. 0-0 0-0 8. Bg5 Nb6 9. Bb3 c6 10. Qe2 Qe7 11. Rad1 Bc7 12. Rd3 Be6 13. Bxe6 Qxe6 14. Nd2 Nfd7 15. Rh3 f6 16. Be3 Rfd8 17. Qh5 Nf8 18. Rd1 Nc4 19. Nxc4 Rxd1+ 20. Qxd1 Qxc4 21. Bc1 Rd8 22. Rd3 Rxd3 23. cxd3 Qf7 24. Be3 a6 25. f3 Ba5 26. Qc2 Ne6 27. Kf2 Nd4 28. Qa4 Bxc3 29. bxc3 Nb5 30. c4 Nc7 31. Qb3 Ne6 32. Qb6 Qd7 33. Ke2 Qc7 34. g3 Qxb6 35. Bxb6 c5 36. Ke3 g5 37. a4 Kf7 38. Ba5 Ke7 39. Bc3 Kd6 40. Kd2 Kc6 41. Kc2 h5 42. Kd2 b5 43. cxb5+ axb5 44. axb5+ Kxb5 45. Ke3 Ka4 46. Bd2 Kb3 47. Ba5 c4 48. dxc4 Kxc4 49. Be1 Nd4 50. Ba5 Ne6 51. Be1 Nd4 52. Ba5 Nc6 53. Bc7 Kc5 54. g4 hxg4 55. fxg4 Ne7 56. Bd8 Kd6 57. Kf3 Ke6 58. Bxe7 Kxe7 59. Kg3 Kd6 60. h4 gxh4+ 61. Kxh4 Ke6 62. Kh5 Kf7 63. Kh6 1-0